REVIEW OF FIXED PARTIAL DENTURE (Record no. 3781)

MARC details
000 -LEADER
fixed length control field 00366nam a2200145Ia 4500
008 - FIXED-LENGTH DATA ELEMENTS--GENERAL INFORMATION
fixed length control field 150201s2006 xx 000 0 und d
082 ## - DEWEY DECIMAL CLASSIFICATION NUMBER
Classification number 617.692
Item number R2006R
100 ## - MAIN ENTRY--PERSONAL NAME
Personal name LOVELY M.
245 ## - TITLE STATEMENT
Title REVIEW OF FIXED PARTIAL DENTURE
250 ## - EDITION STATEMENT
Edition statement 1ST
260 ## - PUBLICATION, DISTRIBUTION, ETC. (IMPRINT)
Name of publisher, distributor, etc. JAYPEE MEDICAL PUBLISHER
Place of publication, distribution, etc. DELHI
Date of publication, distribution, etc. 2006
300 ## - PHYSICAL DESCRIPTION
Extent 1-316
650 ## - SUBJECT ADDED ENTRY--TOPICAL TERM
Topical term or geographic name as entry element PROSTHODONTICS
942 ## - ADDED ENTRY ELEMENTS (KOHA)
Source of classification or shelving scheme Dewey Decimal Classification
Koha item type Books
Koha issues (borrowed), all copies 1
Holdings
Withdrawn status Lost status Source of classification or shelving scheme Damaged status Not for loan Home library Current library Date acquired Source of acquisition Cost, normal purchase price Serial Enumeration / chronology SGTU Bill Number Total Checkouts Full call number Barcode Date last seen Date last checked out Bill Date Koha item type
    Dewey Decimal Classification     SGT Dental Library SGT Dental Library 28/12/2007 U.B.S.DELHI 175.00 1 SGTU 821 2 617.692 R2006R FD4668 17/05/2025 17/05/2025 03/10/2012 Books
    Dewey Decimal Classification     SGT Dental Library SGT Dental Library 28/12/2007 U.B.S.DELHI 175.00 1 SGTU 821   617.692 R2006R FD4669 02/05/2022   03/10/2012 Books
    Dewey Decimal Classification     SGT Dental Library SGT Dental Library 28/12/2007 U.B.S.DELHI 175.00 1 SGTU 821   617.692 R2006R FD4670 09/02/2015   03/10/2012 Books